Gen 4 Pokémon - Statistics

General Stats
  • This quiz has been taken 5 times
  • The average score is 4 of 17
Answers on the Grid
Answers color-coded by a green-red scale on the quiz's grid according to % correct below.
Cherubi
Mr. Mime
Chatot
Happiny
Mantine
Sneasel
Togetic
Umbreon
Piloswine
Elekid
Yanma
Togekiss
Gligar
Misdreavus
Leafeon
Glalie
Chimecho
Yanmega
Porygon Z
Lickitung
Phione
Riolu
Hippowdon
Chingling
Cacturne
Cacnea
Lickilicky
Porygon 2
Combee
Roselia
Sudowoodo
Mantyke
Budew
Druddigon
Honchkrow
Purugly
Tangela
Shelgon
Wynaut
Clamperl
 
Answer Stats
Answer % Correct
Riolu
60%
Budew
40%
Honchkrow
40%
Leafeon
40%
Yanmega
40%
Chatot
20%
Cherubi
20%
Chingling
20%
Hippowdon
20%
Lickilicky
20%
Phione
20%
Purugly
20%
Combee
0%
Happiny
0%
Mantyke
0%
Porygon Z
0%
Togekiss
0%
No matching quizzes found
Score Distribution
Percent of People with Each Score
Percentile by Number Answered
Your Score History
You have not taken this quiz